Responses for Show #1442 - Tuesday, December 4, 1990

Bruce Ikawa game 3.
Game entered from audiorecording. Missing prizes.

Contestants

[<< previous game]

Steve Heisel, a psychiatrist from Brookline, Massachusetts

Bart Hillier, a lawyer and instructor originally from Toledo, Ohio

Bruce Ikawa, a college professor originally from Indianapolis, Indiana (whose 2-day cash winnings total $28,000)

[next game >>]

Jeopardy! Round responses

CRIME & PUNISHMENT
COUNTIES
WEATHER
HISTORICAL FILMS
MUSEUMS
TEA
    $100 2
a forger

Bruce
    $100 1
Georgia

Bart
    $100 21
the doldrums

Bruce
    $100 7
Genghis Khan

Bruce
    $100 12
Audubon

Bruce
    $100 18
India

Bruce
    $200 3
Charlie Chaplin

Bruce
    $200 17
Florida

Bart
    $200 26
(Bruce: Who is Kelvin?)
...
(Alex: We have less than a minute to go.)

Anders Celsius

Bruce
Triple Stumper
    $200 8
the Light Brigade

Bart
    $200 13
South Carolina

Steve
    $200 19
silk

Steve
    $300 4
a computer

Bart
    $300 23
Jackson

Bart
    $300 30
a mirage

Bart
    $300 9
Gandhi

Bart
    $300 14
(Steve: What's Wichita?)
(Bruce: What's Tombstone?)

Dodge City

BruceBartSteve
    $300 20
(Bart: What is the United States?)

England

BartSteve
    $400 5
Jesse James

Bruce
    $400 24
(Bart: Who is Hiawatha?)

Evangeline

BruceBart
    $400 28
a typhoon

Bruce
    $400 10
Wild Bill Hickok

Bruce
    $400 15
(Bart: What is San Antonio?)

Houston

BruceBart
    $400 22
green & black

Bart
    $500 6
Ma Barker

Bruce
    $500 25
Minnesota

Steve
    $500 27
(Steve: What is mercury?)

a rainbow

Steve
    $500 11
Alexandra

Bart
    $500 16
(Bart: What is the Guggenheim?)
(Steve: What is the Metropolitan Museum?)

the Museum of Modern Art

BartSteve
Triple Stumper
    $500 29
(Bruce: What's oolong?)

souchong

Bruce
Triple Stumper

Scores at the first commercial break (after clue 16):

Bruce Bart Steve
$1,900 $800 -$600

Scores at the end of the Jeopardy! Round:

Bruce Bart Steve
$2,200 $1,300 -$100

Double Jeopardy! Round responses

AUSTRALIA
THE OLD TESTAMENT
LAW
OPERA
AMERICAN HISTORY
ENGLISH LITERATURE
    $200 24
Aborigines

Bart
    $200 28
Joseph

Steve
    $200 3
(Alex: Right down the pipe for you.)

a court-martial

Bart
    $200 10
Japan

Steve
    $200 25
Franklin

Bruce
    $200 5
Shakespeare

Steve
    $400 26
eucalyptus

Bruce
    $400 20
Bathsheba

Bruce
    $400 4
a minor

Bruce
    $400 16
Scotland

Bruce
    $400 12
Susan B. Anthony

Triple Stumper
    $400 6
Virginia Woolf

Bruce
    $600 27
the Opera House

Steve
    $600 15
Elijah

Bruce
    $600 21
(Steve: What is the vote?)
(Bruce: What is speech?)

religion

BruceBartSteve
    $600 17
Turandot

Bruce
    $600 11
blue

Steve
    $600 7
(Samuel) Butler

Bruce
    $1,200 30
(Alex: Named for Abel Tasman.)

Tasmania

Bruce
    $800 14
the Witch of Endor

Triple Stumper
    $800 22
habeas corpus

Bart
    $800 18
Faust

Bruce
    $800 1
the Dixiecrats

Steve
    $800 8
Somerset Maugham

Bruce
    $1000 29
Brisbane

Bruce
    $1,700 13
(Steve: Who is Elijah?)

Jeremiah

Steve
    $1000 23
(Abe) Fortas

Bruce
    $1000 19
Verdi

Bruce
    $1000 2
Grant

Bart
    $1000 9
George Eliot

Bruce

Scores at the end of the Double Jeopardy! Round:

Bruce Bart Steve
$12,400 $4,100 $200
(lock game)

[wagering suggestions for these scores]

Final Jeopardy! Round responses

BROADWAY MUSICALS
SteveWhat is Brigadoon?
$190
BartWhat is Brigadoon?
$3,600
BruceWhat is Brigadoon?
$4,199
Brigadoon

Final scores:

Bruce Bart Steve
$16,599 $7,700 $390
3-day champion: $44,599 2nd place 3rd place

Game dynamics:

Coryat scores:

Bruce Bart Steve
$12,000 $4,100 $2,400
28 R
(including 1 DD),
4 W
15 R,
4 W
10 R,
5 W
(including 2 DDs)

Combined Coryat: $18,500

[game clues] [game scores] [suggest correction]

Game tape date: 1990-09-17
The J! Archive is created by fans, for fans. Scraping, republication, monetization, and malicious use prohibited; this site may use cookies and collect identifying information. See terms. The Jeopardy! game show and all elements thereof, including but not limited to copyright and trademark thereto, are the property of Jeopardy Productions, Inc. and are protected under law. This website is not affiliated with, sponsored by, or operated by Jeopardy Productions, Inc. Join the discussion at JBoard.tv.